| 000 | 00546nam a2200181 i 4500 | ||
|---|---|---|---|
| 001 | 36064 | ||
| 003 | ES-MaACL | ||
| 005 | 20230906155305.0 | ||
| 007 | t| | ||
| 008 | 030217s1948 fr ||||1| fre d | ||
| 100 | 1 |
_aBrahy, Ed. _931288 |
|
| 245 | 1 | 0 |
_aExercises méthodiques de calcul intégral / _cpar Ed. Brahy. |
| 250 | _a5eme ed., reimp. | ||
| 260 |
_aParís : _bGauthier-Villars, _c1948 ( _eLiège : _fVaillant-Carmanne) |
||
| 300 |
_aVIII, 302 p. ; _c22 cm. |
||
| 650 | 0 | 4 |
_aCálculo integral. _910672 |
| 852 |
_aES-MaACL _jC-8744 _bR.36366 |
||
| 999 |
_c36064 _d36064 |
||